000 00705cab a2200229 4500
001 WB3129-01
008 090401t1995 xxu||||| |||| 00| 0 eng d
035 _a(Sirsi) u40777
041 _aeng
245 _aCompetition for Marsham Street HQ
260 _c1995
350 _a0
490 _aPlanning (for the Natural and Built Environment)
_v(1129) 28 July 1995, 28(1)
520 _aThe SoS Environment is launching a design competition to replace the DoE Marsham Street headquarters building.
650 _aDESIGN COMPETITION
650 _aDOE HEADQUARTERS
650 _aGOVERNMENT BUILDINGS
650 _aMARSHAM STREET
690 _aBUILT ENVIRONMENT
942 _n0
948 _c04/03/1997
999 _c26133
_d26133